Central Library OPAC University of Rajshahi

Islamic banking : (Record no. 52445)

MARC details
000 -LEADER
fixed length control field 00770nam a22002417a 4500
001 - CONTROL NUMBER
control field 52445
003 - CONTROL NUMBER IDENTIFIER
rucl marc code BD-RjUL
005 - DATE AND TIME OF LATEST TRANSACTION
control field 20211209075816.0
008 - FIXED-LENGTH DATA ELEMENTS--GENERAL INFORMATION
fixed length control field 160920s2004 ii a|||| |||| 001 0 eng d
020 ## - INTERNATIONAL STANDARD BOOK NUMBER
International Standard Book Number 8178812835
035 ## - SYSTEM CONTROL NUMBER
System control number (BD-RjUL)52565
040 ## - CATALOGING SOURCE
Original cataloging agency BD-RjUL
Language of cataloging eng
Transcribing agency BD-RjUL
041 ## - LANGUAGE CODE
Language code of text/sound track or separate title eng
082 ## - DEWEY DECIMAL CLASSIFICATION NUMBER
Edition number 23
Classification number 332.10917671
Author mark and year ISL 2004
245 ## - TITLE STATEMENT
Title Islamic banking :
Remainder of title cases and profiles /
Statement of responsibility, etc. Edited by V Subbulakshmi.
260 ## - PUBLICATION, DISTRIBUTION, ETC. (IMPRINT)
Place of publication, distribution, etc. Hyderabad, India :
Name of publisher, distributor, etc. ICFAI University Press,
Date of publication, distribution, etc. 2004.
300 ## - PHYSICAL DESCRIPTION
Pagination viii, 190 p. :
Illustrations ill. ;
Size 24 cm.
500 ## - GENERAL NOTE
General note Includes index.
650 ## - SUBJECT ADDED ENTRY--TOPICAL TERM
Topical term or geographic name as entry element Banks and banking
Geographic subdivision Islamic countries.
9 (RLIN) 156889
Topical term or geographic name as entry element Banks and banking
Form subdivision Religious aspects-- Islam
9 (RLIN) 156890
700 ## - ADDED ENTRY--PERSONAL NAME
Personal name Subbulakshmi, V (editors)
942 ## - ADDED ENTRY ELEMENTS (KOHA)
Source of classification or shelving scheme Dewey Decimal Classification
Koha item type Books
Holdings
Lost status Source of classification or shelving scheme Damaged status Not for loan Collection code Permanent Location Current Location Shelving location Date acquired Source of acquisition Cost, normal purchase price Total Checkouts Full call number Date last seen Copy number Koha item type
  Dewey Decimal Classification     Non-fiction Central Library, University of Rajshahi Central Library, University of Rajshahi   04/02/2008 Dhaka, Paragon Enterpries Ltd. 300.00   332.10917671 ISL 2004 20/09/2016 C-2 Books
  Dewey Decimal Classification   Not For Loan Non-fiction Central Library, University of Rajshahi Central Library, University of Rajshahi Reading Room 04/02/2008 Paragon Enterprises Dhaka 300.00   332.10917671 ISL 2004 18/12/2016 C-1 Books